Official methods of analysis
Guardat en:
| Autor corporatiu: | |
|---|---|
| Altres autors: | |
| Format: | Desconegut |
| Idioma: | anglès |
| Publicat: |
Gaithersburg, Md., USA:
AOAC International
2019
|
| Edició: | 21st Edition. |
| Matèries: | |
| Etiquetes: |
Afegir etiqueta
Sense etiquetes, Sigues el primer a etiquetar aquest registre!
|
MARC
| LEADER | 00000 a2200000 4500 | ||
|---|---|---|---|
| 003 | CL-VaPUC | ||
| 005 | 20240416152016.0 | ||
| 008 | 211213b2019 ||||| |||| 00| 0 eng d | ||
| 999 | |c 434207 |d 434205 | ||
| 020 | |a 0-935584-89-7 | ||
| 040 | |c Pontificia Universidad Católica de Valparaíso | ||
| 082 | |a 543 LAT 2019 | ||
| 100 | 1 | |a Latimer, George W. |c Jr. |e editor |9 865235 | |
| 110 | 1 | |a AOAC Association of Official Analytical Chemists |9 865236 | |
| 245 | |a Official methods of analysis | ||
| 250 | |a 21st Edition. | ||
| 260 | |a Gaithersburg, Md., USA: |b AOAC International |c 2019 | ||
| 300 | |a 3 volúmenes | ||
| 583 | |k GC |c 20211213 | ||
| 650 | 0 | |a Química analítica |9 259648 | |
| 650 | 0 | |a Química agrícola |9 882102 | |
| 650 | 0 | |a Alimentos |x Análisis |9 256203 | |
| 942 | |2 ddc |c BK | ||
| 952 | |0 0 |1 0 |2 ddc |4 0 |6 543_000000000000000_LAT_2019 |7 0 |8 A |9 579540 |a BIBALI |b BIBALI |d 2021-12-13 |e 1 |g 388931.33 |h v.I |i 5628644 |l 48 |o 543 LAT 2019 |p 5628644 |r 2025-01-20 |s 2024-11-25 |t 1 |v 388931.33 |w 2021-12-13 |y BK_US |k ALI | ||
| 952 | |0 0 |1 0 |2 ddc |4 0 |6 543_000000000000000_LAT_2019 |7 0 |8 A |9 579541 |a BIBALI |b BIBALI |d 2021-12-13 |e 1 |g 388931.33 |h v.II |i 5628652 |l 37 |o 543 LAT 2019 |p 5628652 |r 2025-01-20 |s 2024-11-25 |t 1 |v 388931.33 |w 2021-12-13 |y BK_US |k ALI | ||
| 952 | |0 0 |1 0 |2 ddc |4 0 |6 543_000000000000000_LAT_2019 |7 0 |8 A |9 579542 |a BIBALI |b BIBALI |d 2021-12-13 |e 1 |g 388931.33 |h v.III |i 5628660 |l 45 |o 543 LAT 2019 |p 5628660 |r 2025-01-20 |s 2024-11-25 |t 1 |v 388931.33 |w 2021-12-13 |y BK_US |k ALI | ||